| 000 | 01644nam a22002537a 4500 | ||
|---|---|---|---|
| 999 |
_c21377 _d21377 |
||
| 003 | AR-CdUCM | ||
| 008 | 190319b ||||| |||| 00| 0 spa d | ||
| 020 | _a9786073222372 | ||
| 040 |
_aMUNICIPALIDAD PROVINCIAL DEL CUSCO _cBIBLIOTECA MUNICIPAL DEL CUSCO |
||
| 082 |
_a541/B26 _bB26 _2Decimosegunda |
||
| 100 |
_aBrown, Theodore L _944590 |
||
| 245 | _aQuímica la ciencia central / | ||
| 260 |
_aMéxico ; _bPearson, _c2014. |
||
| 300 |
_a1200 Páginas. : _bilustraciones en color ; _c21.5 x 27.5 cm. |
||
| 505 | _aContenido: Introducción Materia y Medición -- Átomos moléculas y Iones -- Estequiometría cálculos con fórmulas y ecuaciones químicas -- Reacciones en disoluciones acuosas -- Termoquímica -- Estructura electrónica de los átomos -- Propiedades periódicas de los elementos -- Conceptos básicos de los enlaces químicos -- Geometría molecular y teorías de enlaces -- Gases -- Líquidos y fuerzas intermoleculares -- Sólidos y nuevos materiales -- Propiedades de la disolución -- Cinética Química -- Equilibrio químico -- Equilibrios ácidos base -- Aspectos adicionales del equilibrio acuoso -- Química del medio ambiente -- Termo dinámica Química -- Electroquímica -- Química nuclear -- Química de los no metales -- Metales de transición y la Química de coordinación -- La Química de la vida Química orgánica y Biología. | ||
| 650 |
_aQuímica _94512 |
||
| 650 |
_aCiencia _92098 |
||
| 650 |
_aQuímica nuclear _944591 |
||
| 650 |
_aQuímica del medio ambiente _944592 |
||
| 700 |
_aH. Eugene Lemay _944593 |
||
| 700 |
_aCatherine J. Murphy _944594 |
||
| 942 |
_2ddc _cLIBROS |
||
| 945 | _aRoel | ||